Pacific Ocean Countries - Statistics

General Stats
  • This quiz has been taken 58 times
  • The average score is 36 of 41
Answer Stats
Answer % Correct
Japan
100%
China
98%
Indonesia
98%
United States
98%
Australia
96%
Canada
96%
Chile
96%
Mexico
96%
New Zealand
94%
North Korea
94%
Russia
94%
South Korea
94%
Ecuador
92%
Panama
92%
Vietnam
92%
Peru
90%
Philippines
90%
Colombia
88%
Malaysia
88%
Thailand
88%
Costa Rica
86%
Fiji
86%
Marshall Islands
86%
Taiwan
86%
El Salvador
84%
Cambodia
82%
Federated States of Micronesia
82%
Guatemala
82%
Kiribati
82%
Nicaragua
82%
Palau
82%
Papua New Guinea
82%
Tonga
80%
Brunei
78%
Honduras
78%
Nauru
78%
Samoa
78%
Singapore
76%
Solomon Islands
76%
Tuvalu
76%
Vanuatu
76%
No matching quizzes found
Score Distribution
Percent of People with Each Score
Percentile by Number Answered
Your Score History
You have not taken this quiz